000
00324nam a2200133Ia 4500
005
20251222144634.0
008
251222s9999||||xx |||||||||||||| ||spa||
020
_a
950-22-0408-5
082
_a
783.043/R84
100
_a
Rose, Nino De
245
0
_a
La Voz y la Música Popular:
264
_b
Ricordi Americana
942
_c
LIB
999
_c
16430
_d
16430